• 首页
  • 本馆介绍
  • 公告通知
  • 最新文献
  • 馆藏检索
  • 电子资源
  • 读者导购
  • 参考咨询
  • 我的图书馆
  • 登录
  • 详细信息显示
  • 放入我的书架
  • 预约/预借图书
  • 作者相关作品
  • 分类相关作品
  • 丛书相关作品
  • 出版社相关作品

书目信息

  • 表格格式
  • 工作单格式
  • 卡片格式
题名:
法国大革命
    
 
作者: 勒庞 著 ;青闰 译
分册:  
出版信息: 天津   天津社会科学院出版社  2016
页数: 274页
开本: 24cm
丛书名:
单 册:
中图分类: K565.41
科图分类:
主题词:
电子资源:
ISBN: 978-7-5563-0214-7
000 01552nam0 2200277 450
001 2375249990
005 20231110112741.74
010    @a978-7-5563-0214-7@dCNY56.00
100    @a20160512d2016 em y0chiy50 ea
101 1  @achi@cfre
102    @aCN@b120000
105    @ay z 000yy
200 1  @a法国大革命@Afa guo da ge ming@f(法)勒庞著@g青闰译
210    @a天津@c天津社会科学院出版社@d2016
215    @a274页@d24cm
312    @a封面英文题名:The psychology of revolution the psychology of peoples
314    @a古斯塔夫·勒庞 (Gustave Le Bon) (1841-1931),法国知名社会心理学家和社会学家,以研究群体心理特征而著称。勒庞知名的著作《乌合之众:大众心理研究》(The Crowd: A Study of the Popular Mind)出版于1895年,已被翻译为近20种语言。
314    @a青闰 (1965-),本名金柱,河南武陟人。现供职于焦作大学翻译中心,中国翻译协会会员。迄今已在外文出版社、译林出版社、中国致公出版社、东华大学出版社、大连理工大学出版社、中国宇航出版社等出版双语著作多部。
330    @a本书讲述了法国三个等级之间的矛盾以及由此引发的法国大革命,革命期间君主立宪派、吉伦特派、雅各宾派、反法联盟等各个党派势力之间的反复争斗,剧变之后的权力更迭,为后人重睹法国大革命时期欧洲的社会、经济、政治状况提供了一个极好的视角,也为这段历史的研究工作提供了更好的参考。
510 1  @aPsychology of revolution the psychology of peoples@zeng
610 0  @a法国大革命(1789-1794)@x研究
690    @aK565.41@v5
701  0 @c(法)@a勒庞@Ale pang@c(Le Bon, Gustave@f1841-1931)@4著
702  0 @a青闰@Aqing run@f(1965-)@4译
801  0 @aCN@b安徽时代@c20230923
905    @aBZT@dK565.41@e7
    
    法国大革命/(法)勒庞著/青闰译.-天津:天津社会科学院出版社,2016
    274页;24cm
    
    
    ISBN 978-7-5563-0214-7:CNY56.00
    本书讲述了法国三个等级之间的矛盾以及由此引发的法国大革命,革命期间君主立宪派、吉伦特派、雅各宾派、反法联盟等各个党派势力之间的反复争斗,剧变之后的权力更迭,为后人重睹法国大革命时期欧洲的社会、经济、政治状况提供了一个极好的视角,也为这段历史的研究工作提供了更好的参考。
●
相关链接 在五车中查询图书 在当当中查询图书 在豆瓣中查询图书


正题名:法国大革命     索取号:K565.41/7         预约/预借

序号 登录号 条形码 馆藏地/架位号 状态 备注
1 2000925629   2000925629   第四书库/四33架B面4层6列/ [索取号:K565.41/7] 在馆    
2 2000925630   2000925630   第四书库/四33架B面4层6列/ [索取号:K565.41/7] 在馆    
3 2000925631   2000925631   第四书库/四33架B面4层6列/ [索取号:K565.41/7] 在馆    
4 2000925632   2000925632   第四书库/四33架B面4层6列/ [索取号:K565.41/7] 在馆    
5 2000925633   2000925633   第四书库/四33架B面4层6列/ [索取号:K565.41/7] 在馆    
6 2000925634   2000925634   第四书库/四33架B面4层6列/ [索取号:K565.41/7] 在馆    
山东省滨州职业学院图书馆 欢迎您!
大连网信软件有限公司© 版权所有